书目信息 |
| 题名: |
最熟悉的陌生人
|
|
| 作者: | 威尔逊 著 ;段鑫星 , 武瑞芳 , 范韶维 译 | |
| 分册: | ||
| 出版信息: | 北京 人民邮电出版社 2014 |
|
| 页数: | 208页 | |
| 开本: | 23cm | |
| 丛书名: | ||
| 单 册: | ||
| 中图分类: | B842.7 | |
| 科图分类: | ||
| 主题词: | 下意识--通俗读物 , 下意识 | |
| 电子资源: | ||
| ISBN: | 978-7-115-34163-1 | |
| 000 | 01355nam0 2200325 450 | |
| 001 | 2247592595 | |
| 005 | 20220917131332.29 | |
| 010 | @a978-7-115-34163-1@dCNY45.00 | |
| 090 | @aB842@bwex | |
| 100 | @a20140429d2014 em y0chiy50 ea | |
| 101 | 1 | @achi@ceng |
| 102 | @aCN@b110000 | |
| 105 | @ay z 000yy | |
| 200 | 1 | @a最熟悉的陌生人@9zui shou xi de mo sheng ren@e自我认知和潜能发现之旅@dStrangers to ourselves@ediscovering the adaptive unconscious@f(美)提摩西·威尔逊(Timothy D. Wilson)著@g段鑫星,武瑞芳,范韶维译@zeng |
| 210 | @a北京@c人民邮电出版社@d2014 | |
| 215 | @a208页@d23cm | |
| 300 | @a心理学与生活 | |
| 305 | @a由Harvard University Press经由博达著作权代理有限公司授权出版 | |
| 330 | @a本书展示给我们的是一种比弗洛伊德式潜意识更强有力、在我们的日常生活中更普遍化的潜意识,并据此对了解自我的方式进行了创新性思考。 | |
| 510 | 1 | @aStrangers to ourselves@ediscovering the adaptive unconscious@zeng |
| 517 | 1 | @a自我认知和潜能发现之旅@9zi wo ren zhi he qian neng fa xian zhi lv |
| 606 | 0 | @a下意识@j通俗读物 |
| 606 | 0 | @a下意识 |
| 690 | @aB842.7@v5 | |
| 701 | 0 | @c(美)@a威尔逊@9wei er xun@c(Wilson, Timothy D.)@4著 |
| 702 | 0 | @a段鑫星@9duan xin xing@c(女,@f1964~)@4译 |
| 702 | 0 | @a武瑞芳@9wu rui fang@4译 |
| 702 | 0 | @a范韶维@9fan shao wei@c(女,@f1979~)@4译 |
| 801 | 0 | @aCN@bNLC@c20140429 |
| 905 | @aZUCC@dB842.7@e13 | |
| 最熟悉的陌生人:自我认知和潜能发现之旅=Strangers to ourselves:discovering the adaptive unconscious/(美)提摩西·威尔逊(Timothy D. Wilson)著/段鑫星,武瑞芳,范韶维译.-北京:人民邮电出版社,2014 |
| 208页;23cm |
| 心理学与生活 |
| ISBN 978-7-115-34163-1:CNY45.00 |
| 本书展示给我们的是一种比弗洛伊德式潜意识更强有力、在我们的日常生活中更普遍化的潜意识,并据此对了解自我的方式进行了创新性思考。 |
| ● |
| 相关链接 |
|
|
|
正题名:最熟悉的陌生人
索取号:B842.7/13
 
预约/预借
| 序号 | 登录号 | 条形码 | 馆藏地/架位号 | 状态 | 备注 |
| 1 | 2000895859 | 2000895859 | 第三书库/ [索取号:B842.7/13] | 在馆 | |
| 2 | 2000895860 | 2000895860 | 第三书库/ [索取号:B842.7/13] | 在馆 | |
| 3 | 2000895861 | 2000895861 | 第三书库/ [索取号:B842.7/13] | 在馆 |